Nathan Lane Filmography - Statistics

General Stats
  • This quiz has been taken 26 times
    4 since last reset
  • The average score is 10 of 158
Answer Stats
TypeTV Year Name % Correct
Film 2023 Beau Is Afraid
75%
Film 1994 The Lion King
75%
Film 1998 The Lion King II: Simba's Pride
75%
Film 1997 MouseHunt
50%
Film 1999 Stuart Little
50%
Film 1996 The Birdcage
50%
Film 2004 The Lion King 1½
50%
Film 1993 Addams Family Values
25%
Film 1996 Around the World with Timon & Pumbaa
25%
Film 2009 Astro Boy
25%
Film 1999 At First Sight
25%
Film 2002 Austin Powers in Goldmember
25%
Theme Park Attraction 1995 Circle of Life: An Environmental Fable
25%
Film 1991 Frankie and Johnny
25%
Film 1991 He Said, She Said
25%
Film 1987 Ironweed
25%
Film 1995 Jeffrey
25%
Film 1990 Joe Versus the Volcano
25%
Film 1993 Life with Mikey
25%
Film 2024 Spellbound
25%
Film 2002 Stuart Little 2
25%
TV Show 2000-2002 Teacher's Pet
25%
Film 2004 Teacher's Pet
25%
Theater 2009-2010, 2010-2011 The Addams Family
25%
Film 1990 The Lemon Sisters
25%
Theater 2000-2004 The Producers
25%
Film 2005 The Producers
25%
TV Show 1995 Timon & Pumbaa
25%
Film 2000 Titan A.E.
25%
TV Show 2007 30 Rock
0%
TV Special 1996 A Benefit Celebration: A Tribute to Angela Lansbury
0%
TV Show 2004 Absolutely Fabulous
0%
Theater 1996-1997 A Funny Thing Happened on the Way to the Forum
0%
Theater 1978 A Midsummer Night's Dream
0%
TV Film 2008 A Muppets Christmas: Letters to Santa
0%
TV Special 1999 An American Celebration at Ford's Theater
0%
Theater 2017, 2018 Angels in America
0%
Video Game 1995 Animated Storybook: The Lion King
0%
Commercial 1985 Armour Dinner Classics
0%
Theater 1989 Assassins
0%
Theater 1990 Bad Habits
0%
Short Film 2004 Behind the Legend: Timon
0%
Theater 1987-1988 Broadway Bound
0%
TV Show 2015, 2016 Bubble Guppies
0%
Theater 2003, 2006-2007 Butley
0%
Film 2016 Carrie Pilby
0%
Theater 2005-2007 Catch Me If You Can
0%
TV Show 2003 Charlie Lawrence
0%
Theater 1987 Claptrap
0%
TV Show 2004 Curb Your Enthusiasm
0%
Theater 2005 Dedication or the Stuff of Dreams
0%
Film 2023 Dicks: The Musical
0%
Web Series 2016 Difficult People
0%
Film 2022 Disappointment Blvd.
0%
Theater 1999 Do Re Mi
0%
TV Show 2024 Elsbeth
0%
TV Show 1998-1999 Encore! Encore!
0%
Documentary Series 2022 Finding Your Roots with Henry Louis Gates, Jr.
0%
TV Show 2000 Find Out Why
0%
TV Show 1995 Frasier
0%
Theater 2019 Gary: A Sequel to Titus Andronicus
0%
TV Show 1999-2000 George and Martha
0%
Documentary 1999 Get Bruce
0%
TV Show 1983, 1992, 2001, 2003 Great Performances
0%
Theater 2023 Gutenberg!
0%
Theater 1992-1995, 2014 Guys and Dolls
0%
Theater 1989 In a Pig's Valise
0%
Documentary Series 1999 Intimate Portrait
0%
Film 2000 Isn't She Great
0%
Theater 2014-2015 It's Only a Play
0%
TV Mini-Series 1981 Jacqueline Susann's Valley of the Dolls
0%
TV Show 1999, 2001 Jeopardy!
0%
Theater 1993-1994 Laughter on the 23rd Floor
0%
TV Film 2001 Laughter on the 23rd Floor
0%
Theater 1991-1992 Lips Together, Teeth Apart
0%
TV Show 2014, 2015 Live from Lincoln Center
0%
TV Show 2012 Local Talent
0%
Theater 1984 Love
0%
Film 2000 Love's Labour's Lost
0%
Theater 1994-1995 Love! Valour! Compassion!
0%
TV Show 1998 Mad About You
0%
TV Show 2016 Maya & Marty
0%
Theater 1985 Measure for Measure
0%
Theater 1982-1983 Merlin
0%
TV Film 1997 Merry Christmas, George Bailey
0%
TV Show 1985 Miami Vice
0%
Web Series 2025 Mid-Century Modern
0%
Film 2012 Mirror Mirror
0%
Theater 1998 Mizlansky/Zilinsky or "Schmucks"
0%
TV Show 2010-2019 Modern Family
0%
Web Series 2024 Monsters
0%
Film 2017 National Theatre Live: Angels in America Part One: Millennium Approaches
0%
Film 2017 National Theatre Live: Angels in America Part Two: Perestroika
0%
Film 2002 Nicholas Nickleby
0%
Film 2016 No Pay, Nudity
0%
Theater 2008 November
0%
Theater 1991-1992 On Borrowed Time
0%
Short Film 2023 Once Upon a Studio
0%
TV Show 1982 One of the Boys
0%
Web Series 2021-2022, 2025 Only Murders in the Building
0%
TV Show 2020 Penny Dreadful: City of Angels
0%
Theater 2023 Pictures from Home
0%
Commercial 1981 Pillsbury Danish
0%
Theater 2021 Playbills
0%
Theater 1982-1983 Present Laughter
0%
Film 2018 Ralph Breaks the Internet
0%
TV Show 1997 Saturday Night Live
0%
TV Show 2002 Sex and the City
0%
Theater 1984 She Stoops to Conquer
0%
Theater 2008 Sleepwalk With Me
0%
TV Special 2025 SNL50: The Anniversary Special
0%
Theater 1990 Some Americans Abroad
0%
Film 2008 Swing Vote
0%
Award Show 1995 The 49th Annual Tony Awards
0%
Award Show 1996 The 50th Annual Tony Awards
0%
Award Show 2001 The 55th Annual Tony Awards
0%
TV Show 2018 The Blacklist
0%
TV Film 1996 The Boys Next Door
0%
Theater 1986-1987 The Common Pursuit
0%
TV Show 1989-1991 The Days and Nights of Molly Dodd
0%
Film 1998 The Emperor's New Clothes: An All-Star Illustrated Retelling of the Classic Fairy Tale
0%
Film 2013 The English Teacher
0%
Theater 1988 The Film Society
0%
Theater 2000, 2004, 2017, 2023 The Frogs
0%
Theater 2016-2017 The Front Page
0%
TV Show 2022-Present The Gilded Age
0%
TV Show 2012-2014 The Good Wife
0%
Theater 2012, 2015 The Iceman Cometh
0%
TV Show 2015 The Jim Gaffigan Show
0%
TV Short 1992 The Last Mile
0%
Web Special 2025 The Lion King at the Hollywood Bowl
0%
Theater 1989, 1991-1992 The Lisbon Traviata
0%
Theater 2000 The Man Who Came to Dinner
0%
TV Film 2000 The Man Who Came to Dinner
0%
TV Show 2010 The Marriage Ref
0%
TV Pilot 2014 The Money
0%
Theater 2013 The Nance
0%
Film 2010 The Nutcracker in 3D
0%
Theater 1999, 2005-2006 The Odd Couple
0%
TV Show 2016 The People v. O. J. Simpson: American Crime Story
0%
Theater 2003 The Play What I Wrote
0%
Film 2017 The Vanishing of Sidney Hall
0%
Video Game 2003 Timon & Pumbaa Virtual Safari
0%
Video Game 2004 Timon & Pumbaa Virtual Safari 1.5
0%
Video Game 2004 Timon & Pumbaa Virtual Safari 2.0
0%
Short Film 1996 Timon and Pumbaa's Wild Adventures: Live & Learn
0%
Film 2000 Trixie
0%
Documentary 2007 Trumbo
0%
Theater 2003-2004 Trumbo: Red White and Blacklisted
0%
TV Show 1992 Unnatural Pursuits
0%
Commercial 1988-1990s Vick's Nyquil
0%
Theater 2009 Waiting for Godot
0%
Theater 1984 What About Luv?
0%
Theater 2016 White Rabbit, Red Rabbit
0%
Video Game 2004 Who Wants to Be King of the Jungle
0%
Film 2004 Win a Date with Tad Hamilton!
0%
Theater 1985 Wind in the Willows
0%
Theater 1999 Wise Guys
0%
No matching quizzes found
Score Distribution
Percent of People with Each Score
Percentile by Number Answered
Your Score History
You have not taken this quiz since the last reset